|
|
|
แสดงรายละเอียดบรรณานุกรม |
|
|
Brief Record
: Get Marc (ISO 2709)
: E-mail record
: |
| LEADER 00000nam 2200000uu 4500 | |||
| 001 17928 | |||
| 003 ULIBM | |||
| 008 020711s2013 th a 000 0 tha d | |||
| 020 974932840 | |||
| 100 www.mims.com | |||
| 245 mims annual | |||
| 260 thailand :^bม.ป.ท.,^c2013 | |||
| 300 800 หน้า | |||
| คุณยังไม่ได้ล็อกอิน คุณสามารถมีกิจกรรมร่วมกับเว็บไซต์ได้ แต่ต้องล็อกอินก่อน :: |
|
| สถานะ | |||||||||
| 1. | หนังสือ | 2013 c.1 Barcode: 0003283 | On Shelf | ||||||
| [แสดง 1/1 รายการ] | |||||||||
| รายการใกล้เคียง ชื่อเรื่อง [mims annual] ผู้แต่ง [www.mims.com] |
BibComment |
| คอมเมนท์ทรัพยากรรายการนี้ |
|
|